| 000 | 00432nam a22001697a 4500 | ||
|---|---|---|---|
| 999 |
_c7439 _d7437 |
||
| 005 | 20210218113937.0 | ||
| 008 | 210218b ||||| |||| 00| 0 eng d | ||
| 020 | _a978-81-85731-99-5 | ||
| 041 | _aeng | ||
| 082 | _a615.4 | ||
| 100 |
_aJAIN, N.K. AND SHARMA,S.N. _96339 |
||
| 245 | _aA TEXTBOOK OF PROFESSIONAL PHARMACY | ||
| 260 |
_aDELHI _bVALLABH PRAKASHAN _c2015 |
||
| 300 | _a632,P | ||
| 650 |
_aPHARMACY _96340 |
||
| 942 | _cBK | ||